Normal view
MARC view
Entry Personal Name
001 - CONTROL NUMBER
- control field: 67299
003 - CONTROL NUMBER IDENTIFIER
- control field: OSt
005 - DATE AND TIME OF LATEST TRANSACTION
- control field: 20170603153542.0
008 - FIXED-LENGTH DATA ELEMENTS
- fixed length control field: 170603|| aca||aabn | a|a d
040 ## - CATALOGING SOURCE
- Original cataloging agency: OSt
- Transcribing agency: OSt
100 ## - HEADING--PERSONAL NAME
- Personal name: शर्मा राजेन्द्र
670 ## - SOURCE DATA FOUND
- Source citation: Work cat.: (OSt): शर्मा राजेन्द्र , पुरस्र्कृत हास- परिहास की कथाऍं, 2017









